00378nam a2200109Ia 4500008004100000100002000041245004200061260002200103650007200125650002600197856004500223171212s9999 xx 000 0 und d aBorny, Geoffrey cBorny, GeoffreyaInterpreting Chekhov bANU E Pressc2006 aChekhov, Anton Pavlovich, 1860-1904 -- Criticism and interpretation aLanguage & Literature uwww.jstor.org/stable/10.2307/j.ctt2jbjpn